000 00572nam a22001817a 4500
005 20251108172459.0
008 250721s1986 xx 000 0 ara d
082 1 4 _a659.2/علا
100 1 _aامام، إبراهيم
245 1 0 _aفن العلاقات العامة و الإعلام /
264 1 _aالقاهرة :
_bمكتبة الأنجلو المصرية،
_c1986.
300 _a350ص.
650 1 7 _aالعلاقات العامة
650 1 7 _aالإعلام العام
650 1 7 _aالإتصال الجماهيري
942 _2ddc
_cBK
999 _c80436
_d80436